Normal view
MARC view
Entry Topical Term
001 - CONTROL NUMBER
- control field: 35831
003 - CONTROL NUMBER IDENTIFIER
- control field: OSt
005 - DATE AND TIME OF LATEST TRANSACTION
- control field: 20230222145221.0
008 - FIXED-LENGTH DATA ELEMENTS
- fixed length control field: 230222|| aca||aabn | a|a d
040 ## - CATALOGING SOURCE
- Original cataloging agency: OSt
- Transcribing agency: OSt
150 ## - HEADING--TOPICAL TERM
- Topical term or geographic name entry element: Representation, of food in media, Intersectionality, Content analysis, Brahmanical patriarchy.
670 ## - SOURCE DATA FOUND
- Source citation: Work cat.: (OSt): Sankar,Amal 35830, Deciphering two-minute magic: Men, women and children in Maggi advertisements aired in Indian television
